000 00349nam a2200133Ia 4500
008 151021s9999 xx 000 0 und d
020 _a9966224386
050 _aPE 1128 .G 2005
245 _a_New Intergrated English / KIE
260 _aNairobi : KIE , 2005
300 _ax,294 p.
650 _a_English
980 _a^d20110420 10:45:29^okilerai
999 _c7090
_d7090